000 00513nam a22001697a 4500
005 20231114081101.0
008 231114b |||||||| |||| 00| 0 eng d
020 _a0702107212 ; 0702107204
041 _aEnglish
082 _a345 GRO
100 _aGross, PH
_lEnglish
245 _aLegal Aid and its Management /
_cPH Gross
260 _aCape Town :
_bJuta and Company Ltd,
_c1976
300 _bxxvii, 315 pages ;
_c26 cm.
650 _aLegal practice
_bLaw
942 _cBK
_6ALISON_BN_VRIES
999 _c607
_d607